000 00613cab a2200241 4500
001 ABS60323
008 090401t1999 xxu||||| |||| 00| 0 eng d
035 _a(Sirsi) u92083
041 _aeng
100 _aBurns, J.
245 _aMere hopes can be dashed
260 _c1999
350 _a0
490 _aEstates Gazette
_v(9910) 13 March 1999, 180-181(2)
650 _aLAND REGISTRATION ACT 1925 S70
650 _aPRE-EMPTION AGREEMENTS
650 _aPRE-EMPTION RIGHTS
650 _aPRITCHARD V BRIGGS
650 _aRIGHT OF FIRST REFUSAL
690 _aLAND
942 _n0
948 _c15/03/1999
999 _c58383
_d58383